| 000 | 00654nam a2200169Ia 4500 | ||
|---|---|---|---|
| 003 | GCL | ||
| 008 | 140319s9999 xx 000 0 ara d | ||
| 040 |
_aGCL / _cGCL |
||
| 082 | 0 | 4 |
_a929.4 _bش م |
| 100 | 1 | _aشعبان عبدالعزيز خليفة | |
| 245 | 1 | 0 |
_aمدخل الاسماء العربية القديمة: قائمة استناد للمكتبات ومراكز المعلومات / _cشعبان عبدالعزيز خليفة |
| 700 | 1 | _aمحمد عوض العايدى | |
| 490 |
_aالهيئة العامة للاستعلامات _v0 |
||
| 650 | 0 | 4 | _aاسماء الاشخاص |
| 650 | 0 | 4 | _aالاسماء العربية |
| 942 |
_2ddc _cBK |
||
| 999 |
_c48167 _d48167 |
||